Factors affecting Thailand NR production and supply up to the year 2000 (Record no. 59232)

MARC details
000 -LEADER
fixed length control field 00514nam a2200145Ia 4500
100 ## - MAIN ENTRY--AUTHOR NAME
Personal name Sincharoenkul V
245 #0 - TITLE STATEMENT
Title Factors affecting Thailand NR production and supply up to the year 2000
260 ## - PUBLICATION, DISTRIBUTION, ETC. (IMPRINT)
Name of publisher International Rubber Conference 1997. Rubber Science and Technology: Improving Quality of Life, Kuala Lumpur, Malaysia 6-9 Oct 1997; p526-530
650 ## - SUBJECT ADDED ENTRY--TOPICAL TERM
Topical Term NR production
650 ## - SUBJECT ADDED ENTRY--TOPICAL TERM
Topical Term NR supply
650 ## - SUBJECT ADDED ENTRY--TOPICAL TERM
Topical Term Thailand
700 ## - ADDED ENTRY--PERSONAL NAME
Personal name Thainugul W
942 ## - ADDED ENTRY ELEMENTS (KOHA)
Koha item type Journals
Holdings
Withdrawn status Lost status Damaged status Not for loan Home library Current library Shelving location Date acquired Koha item type
      Journals RRII Library RRII Library Agricultural economics 17/12/2021 Journals